Políticas y reglamentos en transferencia de tecnología

Wedi'i Gadw mewn:
Manylion Llyfryddiaeth
Awdur Corfforaethol: Instituto Tecnológico de Costa Rica. Departamento de Recursos Humanos
Fformat: Texto
Cyhoeddwyd: Cartago: El Instituto
Tagiau: Ychwanegu Tag
Dim Tagiau, Byddwch y cyntaf i dagio'r cofnod hwn!

MARC

LEADER 00000 a a2200000 04500
001 13952
003
040
090 |a 024200  
110 |a Instituto Tecnológico de Costa Rica. Departamento de Recursos Humanos  
245 |a Políticas y reglamentos en transferencia de tecnología  
260 |a Cartago:   |b El Instituto  
300 |a 109 p.  
999 |c 6145  |d 6145